| 000 | 00645nmm a2200181 a 4500 | ||
|---|---|---|---|
| 005 | 20230518063729.0 | ||
| 008 | 031114s2005 mx b spa d | ||
| 035 | _aUPN01000143885 | ||
| 049 | _aCD | ||
| 050 | 4 |
_aLA421.82 _bA5.8 2003 |
|
| 245 | 0 | 0 |
_aAnuario educativo mexicano : _bvisión retrospectiva [2003] / _ccoord. Guadelupe Teresinha Bertussi. |
| 260 |
_aMéxico : _bUPN : _bMiguel Angel Porrúa, _c2005. |
||
| 300 |
_a1 CD-ROM : _bil. col. ; _c4 3/4 plg. |
||
| 650 | 4 |
_aEducación _zMéxico _xHistoria _9187 |
|
| 650 | 7 |
_aEducación _zMéxico _vAnuarios _2 _914843 |
|
| 700 | 1 |
_aBertussi, Guadelupe Teresinha, _ecoord. |
|
| 905 | _aElectrónico | ||
| 999 |
_c116032 _d116032 |
||